00414nam a2200145Ia 4500003000400000008004100004040001600045082001200061100002600073245004800099260005100147300000800198650003500206650002700241GCL140319s9999 xx 000 0 eng d aGCL / cGCL04a758bTH1 aTOLY, SUSAN BRACAGLIA10aART OF MOTHERHOOD / cTOLY, SUSAN BRACAGLIA a[S.N] : bABBEVILLE PRESS PUBLISHERS ، c1991 a18004aMOHTER AND CHILID IN ART CATAS04aMOTHER IN ART CATALOGS